Reality TV: Which Premiered First? Quiz Stats

 Plays Quiz Updated Feb 20, 2015

Challenge
Share
Tweet
Embed
Score 0/20 Timer 05:00
3 Plays Today
Enter 'A' or... % Correct
America's Got Talent???
95.4%
The X Factor (US)???
80.7%
America's Next Top Model ???
77.7%
The Biggest Loser???
76.8%
Cheaters???
76%
Jon & Kate Plus Eight???
75.7%
Here Comes Honey Boo Boo???
74.5%
Dancing With the Stars???
68.6%
The Real World ???
67.1%
Flavor of Love???
67%
Enter 'A' or... % Correct
The Apprentice???
63.1%
The Osbournes???
62.3%
Big Brother (Canada)???
61.2%
Intervention???
59%
Hell's Kitchen ???
56.1%
Storage Wars???
48.5%
The Real Housewives of New Jersey???
42.3%
A Baby Story???
41.1%
American Idol???
33.3%
Pimp My Ride???
32%

You're not logged in!

Compare scores with friends on all Sporcle quizzes.
Join for Free
OR
Log In

You Might Also Like...

Show Comments

Extras

Top Quizzes Today


Score Distribution

Your Account Isn't Verified!

In order to create a playlist on Sporcle, you need to verify the email address you used during registration. Go to your Sporcle Settings to finish the process.

Report this User

Report this user for behavior that violates our Community Guidelines.

Details: